Statistics for Largest Canadian City for Each Letter

Click here to take the quiz!

General Stats

  • This quiz has been taken 439 times
  • The average score is 13 of 25

Answer Stats

Province/TerritoryLetterCityPopulation% Correct
AlbertaEEdmonton932,546
96%
OntarioTToronto2,731,571
96%
QuebecMMontreal1,704,694
95%
AlbertaCCalgary1,239,220
94%
British ColumbiaVVancouver631,486
94%
QuebecQQuebec City531,902
92%
ManitobaWWinnipeg705,224
89%
OntarioOOttawa934,243
88%
SaskatchewanRRegina215,106
81%
Northwest TerritoriesYYellowknife19,569
78%
OntarioHHamilton536,917
66%
New BrunswickFFredericton58,220
51%
OntarioBBrampton593,638
38%
QuebecGGatineau276,245
38%
OntarioKKitchener233,222
36%
QuebecLLaval422,993
36%
British ColumbiaSSurrey422,993
32%
British ColumbiaAAbbotsford141,397
30%
British ColumbiaNNanaimo90,504
28%
British ColumbiaDDelta102,238
16%
OntarioPPickering91,771
8%
QuebecJJoliette19,621
7%
OntarioUUxbridge21,176
6%
OntarioIIngersoll12,757
4%
OntarioZZephyr21,176
2%

Score Distribution

Percentile by Number Answered

Percent of People with Each Score

Your Score History

You have not taken this quiz